000 00254nam a2200109Ia 4500
008 220204s9999 xx 000 0 und d
082 _a82-3
_bSAN
100 _aSanders, L
245 0 _aTenth commandment
260 _aNew York
_bBerkley
_c1981
942 _cBK
999 _c37850
_d37850